00821nam a22002177a 4500999001700000003000900017008004100026040007100067082001500138100001600153245009200169260003800261300004400299505007300343650002000416650001600436650001900452942001600471945002100487952009500508 c19895d19895AR-CdUCM190523b ||||| |||| 00| 0 spa d aMUNICIPALIDAD PROVINCIAL DEL CUSCOcBIBLIOTECA MUNICIPAL DEL CUSCO a551 /bC63 aCloos, Hans aDiálogo con la tierra :bperegrinaciones de un geólogo por el mundo y por la vida / aBarcelona :bEdit. Labor, c1951. a479 páginas ;bFotografías,c23 cm. aContenido: La tierra y el hombre -- África -- Indias orientales... aAmérica91348 aTierra9337 aAlemania91327 2ddccLIBROS adavvd2019-05-23 002ddc4070aSCbSCcCARTd2019-05-23g50.00o551 / C63pSC0000001871r2019-05-23yLIBROS